000 00418nam a2200145Ia 4500
008 211109s9999||||xx |||||||||||||| ||und||
082 _a894.8121
_bPAN-V
100 _aPandalathu, Keralavarmathampuran
245 0 _aVijayodhayam Kaviyam
260 _bB.V Book Depo
_aThiruvananthapuram
_c1993
300 _a74p.
630 _xGeneral Stack
650 _aMalayalam Literature
_vMalayalam Poetry
_xMalayalam
942 _cBOOK
999 _c1218
_d1218